[Event "TCh-FIN 00-01"]
[Site "FIN"]
[Date "2001.03.10"]
[Round "8"]
[White "Lehtivaara,P"]
[Black "Tolonen,L"]
[Result "1/2-1/2"]
[WhiteElo "2338"]
[BlackElo "2325"]

1.d4 Nf6 2.c4 e6 3.Nf3 b6 4.g3 Ba6 5.b3 Bb4+ 6.Bd2 Be7 7.Bg2 c6 8.Bc3 d5
9.Ne5 Nfd7 10.Nd3 O-O 11.Nd2 Bb7 12.O-O a5 13.e4 Na6 14.Re1 Nb4 15.Nf4 dxe4
16.Nxe4 Nf6 17.a3 Na6 18.Nxf6+ Bxf6 19.Nh5 Nb8 20.Nxf6+ Qxf6 21.Qc2 Qg6 22.Qe2 Nd7
23.Be4 Qf6 24.b4 axb4 25.axb4 Qd8 26.Bg2 Nf6 27.b5 Qd7 28.bxc6 Bxc6 29.d5 exd5
30.Bxf6 gxf6 31.cxd5 Rxa1 32.Rxa1 Bxd5 33.Qd2 Bc6 34.Qb4 Bxg2 35.Kxg2 b5
36.h4 Kg7 37.Re1 Re8 38.Rc1 Qd5+ 39.Kg1 Re4 40.Qa5 Ra4 41.Qb6 Rc4 42.Rb1 b4
43.Kh2 Qe4 44.Ra1 Qd4 45.Qxd4 Rxd4 46.Ra4 f5 47.Kg2 Kf6 48.Ra6+ Ke5 49.Ra7 Ke6
50.Rb7 h5 51.Kf3 Re4 52.Rb5 Kd6 53.Rxf5 Re5 54.Rxf7 Rb5 55.Ra7 b3 56.Ra1 Kd5
57.Kf4 Kd4 58.f3 Kd3 59.g4 b2 60.Rb1 Kc2 61.Rxb2+ Kxb2 62.gxh5 Kc3 63.h6 Rh5
64.Kg4 Rxh6 65.Kg5 Rh8 66.h5 Kd4 67.h6 Ke5 68.Kg6  1/2-1/2

[Event "TCh-FIN 00-01"]
[Site "FIN"]
[Date "2001.03.10"]
[Round "8"]
[White "Nokso Koivisto,An"]
[Black "Haapasalo,JP"]
[Result "1-0"]
[WhiteElo "2227"]
[BlackElo "2165"]

1.d4 Nf6 2.c4 e6 3.Nf3 b6 4.g3 Ba6 5.b3 Bb7 6.Bg2 Bb4+ 7.Bd2 c5 8.Bxb4 cxb4
9.Nbd2 Qe7 10.Qc2 d5 11.O-O O-O 12.Rac1 Nbd7 13.e3 Rac8 14.Qb2 Rc7 15.Rc2 Rfc8
16.Rfc1 dxc4 17.Rxc4 Nd5 18.Rxc7 Rxc7 19.Rxc7 Nxc7 20.Qc2 Nf6 21.Ne5 Bxg2
22.Kxg2 Qd6 23.Kg1 g6 24.Ndc4 Qd5 25.Nxb6 Qb7 26.Na4 Ncd5 27.Qc6 Qxc6 28.Nxc6 Ne4
29.Nxa7 Nec3 30.Nc5 Nxa2 31.Nc6 g5 32.e4 Ndc3 33.f3 Nc1 34.Kf2 h5 35.Ke3 h4
36.gxh4 gxh4 37.Nxb4  1-0

[Event "Ivan Zanic Mem"]
[Site "Stara Pazova YUG"]
[Date "2001.03.15"]
[Round "7"]
[White "Zivanic,M"]
[Black "Dimitrov,V"]
[Result "1/2-1/2"]
[WhiteElo "2418"]
[BlackElo "2499"]

1.d4 Nf6 2.c4 e6 3.Nf3 b6 4.g3 Ba6 5.b3 Bb7 6.Bg2 Bb4+ 7.Bd2 a5 8.Nc3 O-O
9.O-O d6 10.Qc2 Nbd7 11.Rfe1 Bxc3 12.Bxc3 Be4 13.Qb2 Qe7 14.Bf1 Bg6 15.Nh4 d5
16.Bg2 c6 17.Nxg6 hxg6 18.e4 dxe4 19.Bxe4 Nxe4 20.Rxe4 Nf6 21.Re2 Rfd8 22.Rae1 Rd7
23.Qc2 Qd8 24.Re5 Ng4 25.R5e2 Nh6 26.Qe4 Nf5 27.Qxc6 Nxd4 28.Bxd4 Rxd4 29.Qf3 Ra7
30.Re4 Rad7 31.Rxd4 Rxd4 32.Qe3 Rd2 33.Re2 Rd3 34.Qe4 Qd6 35.Re3 Rd4 36.Qa8+ Kh7
37.Kg2 g5 38.h3 Qd7  1/2-1/2

[Event "Ivan Zanic Mem"]
[Site "Stara Pazova YUG"]
[Date "2001.03.17"]
[Round "9"]
[White "Zivanic,M"]
[Black "Ostojic,N"]
[Result "1-0"]
[WhiteElo "2418"]
[BlackElo "2451"]

1.d4 Nf6 2.c4 e6 3.Nf3 b6 4.g3 Ba6 5.b3 Bb4+ 6.Bd2 Be7 7.Bg2 c6 8.Bc3 d5
9.Ne5 Nbd7 10.Nxd7 Nxd7 11.Nd2 O-O 12.O-O Nf6 13.e4 b5 14.Re1 dxe4 15.Qc2 Rb8
16.Rad1 Qc7 17.Bf1 bxc4 18.bxc4 c5 19.d5 exd5 20.cxd5 Bxf1 21.Nxf1 Ne8 22.Rxe4 Bf6
23.Bxf6 Nxf6 24.Rc4 Nd7 25.Ne3 Qe5 26.Rh4 h6 27.Qa4 Rfd8 28.Re4 Qf6 29.Rf4 Qb6
30.Nf5 Nf6 31.Ne7+ Kh8 32.Nc6 Nxd5 33.Nxb8 Nxf4 34.Rxd8+ Qxd8 35.Qxf4 Qd1+
36.Kg2 Qd5+ 37.Qf3 Qxa2 38.Nd7  1-0

[Event "TCh-SVK"]
[Site "SVK"]
[Date "2001.03.17"]
[Round "10"]
[White "Vavrak,P"]
[Black "Zpevak,P"]
[Result "0-1"]
[WhiteElo "2361"]
[BlackElo "2358"]

1.d4 Nf6 2.Nf3 e6 3.c4 b6 4.g3 Ba6 5.b3 Bb4+ 6.Bd2 Be7 7.Bg2 O-O 8.O-O c6
9.Bc3 d5 10.Ne5 Nfd7 11.Nxd7 Nxd7 12.Nd2 Rc8 13.Re1 c5 14.cxd5 exd5 15.e4 dxe4
16.Nxe4 Nf6 17.dxc5 Nxe4 18.Bxe4 Qxd1 19.Raxd1 Bxc5 20.Rd7 Bxf2+ 21.Kxf2 Rxc3
22.Rxa7 Bd3 23.Bxd3 Rxd3 24.Rb7 Rd6 25.a4 Rfd8 26.Re4 g5 27.Ree7 Rf6+ 28.Ke3 Rd1
29.Re8+ Kg7 30.Reb8 Re6+ 31.Kf3 Rd3+ 32.Kg4 Rxb3 33.Kxg5 Rb4 34.g4 Rg6+ 35.Kf5 Rbxg4
36.Ke5 R6g5+ 37.Kd6 Rxa4 38.Rxb6 Rd4+ 39.Kc6 Rd2 40.h4 Rg4 41.Rb4 Rdd4 42.Rxd4 Rxd4
43.h5 Rh4 44.Rb5 Kf6 45.Kd7 Re4 46.Rb1 Kg5 47.Kd6 f5 48.Rg1+ Kxh5 49.Kd5 Re7
50.Rh1+ Kg5 51.Rg1+ Kf6 52.Rf1 Rd7+ 53.Kc4 h5 54.Rh1 h4 55.Kc3 f4 56.Rxh4 Kg5  0-1

[Event "Open"]
[Site "Bad Woerishofen GER"]
[Date "2001.03.19"]
[Round "5"]
[White "Krizsany,L"]
[Black "Sokolov,And"]
[Result "1/2-1/2"]
[WhiteElo "2455"]
[BlackElo "2566"]

1.d4 Nf6 2.c4 e6 3.Nf3 b6 4.g3 Ba6 5.b3 Bb4+ 6.Bd2 Be7 7.Bg2 c6 8.Bc3 d5
9.Nbd2 Nbd7 10.O-O O-O 11.Re1 Ne8 12.e4 Nc7 13.Rc1 Bb7 14.b4 dxc4 15.Nxc4 Nb5
16.Bd2 Nf6 17.Qb3 Nxd4 18.Nxd4 Qxd4 19.Bc3 Qd8 20.Red1 Qc8 21.Bxf6 gxf6 22.e5 f5
23.Nd6 Bxd6 24.exd6 Rd8 25.Qe3 Rd7 26.Qg5+ Kh8 27.Qf6+ Kg8 28.Qg5+ Kh8 29.Bxc6 Bxc6
30.b5 Qf8 31.Qf6+ Kg8 32.Qg5+ Kh8 33.Qf6+ Kg8 34.bxc6 Rxd6 35.Qg5+ Kh8 36.Qf6+ Kg8
37.Qg5+ Kh8 38.Qf6+ Kg8 39.c7 Rc8 40.Qg5+ Kh8 41.Qf6+ Kg8 42.Qg5+  1/2-1/2

[Event "TCh-ROM"]
[Site "Sovata ROM"]
[Date "2001.03.21"]
[Round "1"]
[White "Mateuta,G"]
[Black "Parligras,M"]
[Result "0-1"]
[WhiteElo "2406"]
[BlackElo "2434"]

1.d4 Nf6 2.c4 e6 3.Nf3 b6 4.g3 Ba6 5.b3 Bb4+ 6.Bd2 Be7 7.Bg2 d5 8.O-O O-O
9.Ne5 c6 10.Bc3 Nfd7 11.Nxd7 Nxd7 12.Nd2 Nf6 13.e4 dxe4 14.Nxe4 b5 15.Nxf6+ Bxf6
16.Bb4 Bxd4 17.Bxf8 Bxa1 18.Qxd8 Rxd8 19.Be7 Re8 20.Bg5 Bd4 21.Bxc6 Rb8 22.Rd1 e5
23.cxb5 Bxb5 24.Bxb5 Rxb5 25.Be3 Rd5 26.Kf1 g6 27.Bxd4 exd4 28.Ke2 Kg7 29.Kd3 Kf6
30.Rc1 g5 31.Rc6+ Kg7 32.Ra6 Rf5 33.f4 gxf4 34.gxf4 Rxf4 35.Rxa7 Rh4 36.b4 Rxh2
37.b5 Rb2 38.a4 Rb4 39.Ra6 h5 40.Ke4 h4 41.Kf3 d3 42.Rd6 Rxa4 43.Rxd3 Rb4
44.Rd5 Kg6 45.Rd6+ Kg5 46.Rb6 Rb3+ 47.Kf2 Rb2+ 48.Kg1 f5 49.Rb8 Kg4 50.b6 f4
51.b7 Kf3 52.Kh1 Rb1+ 53.Kh2 h3 54.Ra8 Rxb7 55.Ra3+ Kg4 56.Rc3 Rb2+ 57.Kg1 f3
58.Rc1 Kg3 59.Ra1 Rg2+ 60.Kh1 Rh2+  0-1

[Event "56th ch-YUG"]
[Site "Herceg Novi YUG"]
[Date "2001.03.25"]
[Round "3"]
[White "Ilincic,Z"]
[Black "Damljanovic,B"]
[Result "0-1"]
[WhiteElo "2542"]
[BlackElo "2561"]

1.d4 Nf6 2.c4 e6 3.Nf3 b6 4.g3 Ba6 5.b3 d5 6.cxd5 exd5 7.Bg5 Bb4+ 8.Nbd2 O-O
9.e3 Bb7 10.Bg2 Be7 11.O-O Na6 12.Ne5 c5 13.Bxf6 Bxf6 14.Ndf3 g6 15.Rc1 Rc8
16.Qd2 Qe7 17.Rfd1 Rfd8 18.h4 Nb4 19.Qb2 a5 20.a3 Nc6 21.Nd3 cxd4 22.exd4 Qd6
23.Nfe5 Ne7 24.b4 axb4 25.axb4 Rxc1 26.Rxc1 Rc8 27.Ra1 Nc6 28.f4 Rc7 29.Bh3 Kg7
30.h5 gxh5 31.b5 Ne7 32.Kh2 Bxe5 33.Nxe5 f6 34.Nf3 Bc8 35.Bxc8 Rxc8 36.Ra7 Rc7
37.Rxc7 Qxc7 38.Qe2 Nf5 39.Qe6 Qc2+ 40.Kh3 Qe4 41.Qd7+ Kg6 42.Nh4+ Nxh4  0-1

[Event "56th ch-YUG"]
[Site "Herceg Novi YUG"]
[Date "2001.03.26"]
[Round "4"]
[White "Tosic,M"]
[Black "Kovacevic,A"]
[Result "1/2-1/2"]
[WhiteElo "2519"]
[BlackElo "2521"]

1.d4 Nf6 2.c4 e6 3.Nf3 b6 4.g3 Ba6 5.b3 b5 6.cxb5 Bxb5 7.Bg2 d5 8.O-O Nbd7
9.Nc3 Ba6 10.Na4 Be7 11.Bb2 O-O 12.Rc1 Rc8 13.Ne1 c5 14.dxc5 Nxc5 15.Nxc5 Rxc5
16.Rxc5 Bxc5 17.Nd3 Bb6 18.Nb4 Bb7 19.Qa1 Qe7 20.Nd3 Rc8 21.Rc1 Rxc1+ 22.Qxc1 Ne4
23.e3 f6 24.Bd4 Nd6 25.a4 e5 26.Bxb6 axb6 27.Nb4 Ne4 28.Nxd5 Bxd5 29.Bxe4 Bxe4
30.Qc4+ Qf7 31.Qxe4 Qxb3  1/2-1/2

[Event "Open"]
[Site "Bled SLO"]
[Date "2001.03.27"]
[Round "4"]
[White "Wells,P"]
[Black "Caoili,A"]
[Result "1-0"]
[WhiteElo "2522"]
[BlackElo "2132"]

1.d4 Nf6 2.c4 e6 3.Nf3 b6 4.g3 Ba6 5.b3 Bb7 6.Bg2 Bb4+ 7.Bd2 c5 8.O-O O-O
9.Bc3 Na6 10.Bb2 cxd4 11.Qxd4 Be7 12.Nc3 Nc5 13.Rad1 Qc8 14.Qe3 d6 15.Bh3 Qc6
16.Nb5 Nce4 17.Bg2 a6 18.Nd2 d5 19.Nxe4 Nxe4 20.Nd4 Qc5 21.cxd5 Qxd5 22.g4 Bc5
23.b4 Bxb4 24.Nf5 Qc5 25.Bxe4 Qxe3 26.Nxe3 Bxe4 27.Rd4 f5 28.Rxb4 a5 29.Rxb6 fxg4
30.Rxe6  1-0

[Event "Open"]
[Site "Bled SLO"]
[Date "2001.03.27"]
[Round "4"]
[White "Kragelj,I"]
[Black "Illijin,N"]
[Result "1-0"]
[WhiteElo "2264"]
[BlackElo "2272"]

1.d4 Nf6 2.c4 e6 3.Nf3 b6 4.g3 Ba6 5.b3 Bb4+ 6.Bd2 Be7 7.Bg2 c6 8.Bc3 d5
9.Ne5 Nfd7 10.Nxd7 Nxd7 11.Nd2 O-O 12.O-O Nf6 13.e4 b5 14.Re1 Rb8 15.e5 Ne8
16.c5 b4 17.Bb2 Bb5 18.a3 bxa3 19.Rxa3 Rb7 20.Qc2 g6 21.Nf3 Ng7 22.Bc3 Nf5
23.Raa1 Qd7 24.h4 h5 25.Bh3 Kg7 26.Bd2 Re8 27.Qc3 Bd8 28.Bg5 Bxg5 29.Nxg5 Qe7
30.Bxf5 gxf5 31.Qf3 Rh8 32.Nh3 Rh6 33.Nf4 Kh8 34.Re3 Rb8 35.Nxh5 Rg8 36.Nf6 Rgg6
37.Qf4 a6 38.Kg2 Kg7 39.Rh1 Rh8 40.h5 Rgh6 41.g4 fxg4 42.Rg3 Be2 43.f3 Bd3
44.Qxg4+ Bg6 45.hxg6  1-0

[Event "56th ch-YUG"]
[Site "Herceg Novi YUG"]
[Date "2001.03.30"]
[Round "7"]
[White "Antic,D"]
[Black "Damljanovic,B"]
[Result "1-0"]
[WhiteElo "2481"]
[BlackElo "2561"]

1.d4 Nf6 2.c4 e6 3.Nf3 b6 4.g3 Ba6 5.b3 d5 6.cxd5 exd5 7.Bg2 Bd6 8.O-O Nbd7
9.Nc3 O-O 10.Bf4 Qe7 11.Bxd6 Qxd6 12.Re1 Rfe8 13.Rc1 Rad8 14.Qd2 Nf8 15.Qb2 Ne6
16.b4 c5 17.bxc5 bxc5 18.dxc5 Nxc5 19.Red1 Bc4 20.Nd4 Qa6 21.Qc2 Ne6 22.e3 g6
23.Rd2 Nc5 24.Nb3 Nd3 25.Rcd1 Nb4 26.Qb2 Rb8 27.Qa1 Rec8 28.Nc1 Qa3 29.N1e2 Bxe2
30.Nxe2 Rb6 31.Nf4 Qc3 32.a3 Qxa1 33.Rxa1 Nc2 34.Rc1 Rbc6 35.Nxd5 Nxd5 36.Bxd5 Rc3
37.a4 Nb4 38.Rxc3 Rxc3 39.Rd4 a5 40.Bc4 Kg7 41.Be2 Ra3 42.Rd7 Rxa4 43.Bc4 Ra1+
44.Kg2 a4 45.Rxf7+ Kh8 46.Rb7 Nc2 47.Kf3 Rc1 48.Be6 Rd1 49.Kf4 Rd6 50.Ke5 Ra6
51.Kf6 Ra8 52.Kg5 Ra5+ 53.Kf6 Ra8 54.g4 Re8 55.Bf7  1-0

[Event "56th ch-YUG"]
[Site "Herceg Novi YUG"]
[Date "2001.04.01"]
[Round "9"]
[White "Blagojevic,D"]
[Black "Ostojic,N"]
[Result "1/2-1/2"]
[WhiteElo "2486"]
[BlackElo "2451"]

1.d4 Nf6 2.c4 e6 3.Nf3 b6 4.g3 Ba6 5.b3 Bb4+ 6.Bd2 Be7 7.Bg2 c6 8.Bc3 d5
9.Nbd2 O-O 10.O-O Nbd7 11.Re1 Bb7 12.e4 Nxe4 13.Nxe4 dxe4 14.Rxe4 c5 15.Re1 Bf6
16.Qd2 Qc7 17.Rad1 Rad8 18.Qe3 cxd4 19.Nxd4 a6 20.Rd2 Bxg2 21.Kxg2 Nb8 22.Red1 Rc8
23.Rd3 Rfe8 24.Ne2 Be7 25.Nf4 Bf8 26.Nh5 e5 27.g4 Qc6+ 28.Kg1 Qg6 29.Qe2 b5
30.cxb5 axb5 31.Ng3 b4  1/2-1/2

[Event "It"]
[Site "Antalya TUR"]
[Date "2001.04.03"]
[Round "2"]
[White "Kraidman,Y"]
[Black "Skembris,S"]
[Result "0-1"]
[WhiteElo "2334"]
[BlackElo "2440"]

1.d4 Nf6 2.c4 e6 3.Nf3 b6 4.g3 Ba6 5.Nbd2 c5 6.Bg2 Bb7 7.O-O cxd4 8.Nxd4 Bxg2
9.Kxg2 Bc5 10.N2f3 O-O 11.Bf4 a6 12.Nb3 Be7 13.Bd6 Nc6 14.Rc1 Ne4 15.Bxe7 Qxe7
16.Qd3 f5 17.Rfd1 Ra7 18.Qe3 Rb7 19.Nfd2 Nc5 20.Nxc5 bxc5 21.Nb3 d6 22.Rd2 e5
23.Qf3 e4 24.Qe3 Ne5 25.Rdc2 Ng4 26.Qd2 f4 27.Rf1 fxg3 28.hxg3 Qe5 29.Rc3 e3
30.Qd5+ Qxd5+ 31.cxd5 exf2 32.Kh3 h5 33.Rf3 Re7 34.Rxf8+ Kxf8 35.Rc1 c4  0-1

[Event "56th ch-YUG"]
[Site "Herceg Novi YUG"]
[Date "2001.04.03"]
[Round "11"]
[White "Antic,D"]
[Black "Ostojic,N"]
[Result "1-0"]
[WhiteElo "2481"]
[BlackElo "2451"]

1.d4 Nf6 2.c4 e6 3.Nf3 b6 4.g3 Ba6 5.b3 Bb4+ 6.Bd2 Be7 7.Bg2 c6 8.Bc3 d5
9.Ne5 Nfd7 10.Nxd7 Nxd7 11.Nd2 O-O 12.O-O Nf6 13.e4 b5 14.Re1 dxe4 15.Qc2 Rc8
16.Rad1 Nd5 17.Bxe4 Nxc3 18.Qxc3 Bf6 19.Qc2 g6 20.Nf3 bxc4 21.bxc4 Qa5 22.h4 Rfd8
23.h5 Qxh5 24.Qa4 Bb7 25.Qxa7 Rd7 26.Qa4 Ra8 27.Qb3 c5 28.Bxb7 Rb8 29.dxc5 Rdxb7
30.Qe3 Rc8 31.Nd2 Bg5 32.Qe4 Rbc7 33.Nb3 Be7 34.Rd6 Qf5 35.Qd4 Rxc5 36.Nxc5 Bxd6
37.Nxe6 Bf8 38.Nxf8 Rxf8 39.c5 Qc2 40.a4 Ra8 41.a5 Qa2 42.Ra1 Qe6 43.Qd6 Qc4
44.a6 Qc3 45.Rb1 Kg7 46.Qc6 Ra7 47.Qb6 Qd3 48.Ra1 Qd4 49.Rc1 Re7 50.Qd6 Qb2
51.Qxe7 Qxc1+ 52.Kg2 Qc4 53.Qe5+ f6 54.Qe7+ Kh6 55.Qb7  1-0

[Event "Czech Extra League 2000-1"]
[Site "CZE"]
[Date "2001.04.08"]
[Round "11"]
[White "Voloshin,L"]
[Black "Markos,J"]
[Result "0-1"]
[WhiteElo "2430"]
[BlackElo "2419"]

1.d4 Nf6 2.Nf3 e6 3.c4 b6 4.g3 Ba6 5.b3 Bb4+ 6.Bd2 Be7 7.Bg2 c6 8.O-O d5
9.Bc3 Nbd7 10.Nbd2 O-O 11.Qc2 Qc7 12.e4 dxe4 13.Nxe4 b5 14.Ne5 Nxe5 15.dxe5 Nd7
16.f4 bxc4 17.Rfd1 Rfd8 18.Nd6 Nb6 19.Bb4 Rab8 20.Bc5 Nc8 21.Ne4 cxb3 22.axb3 Bb5
23.Rxd8+ Qxd8 24.Rd1 Qf8 25.h4 Nb6 26.Bxe7 Qxe7 27.Rd6 h6 28.h5 Nd5 29.Kf2 a5
30.Bf3 a4 31.bxa4 Qa7+ 32.Qc5 Qxa4 33.Kg2 Be2 34.Rxc6 Bxf3+ 35.Kxf3 Rb3+
36.Kg4 Qxe4 37.Rc8+ Kh7 38.Qf8 Qf3+  0-1

[Event "FSGM April"]
[Site "Budapest HUN"]
[Date "2001.04.11"]
[Round "5"]
[White "Zivanic,M"]
[Black "Lanzani,M"]
[Result "1/2-1/2"]
[WhiteElo "2403"]
[BlackElo "2399"]

1.d4 Nf6 2.c4 e6 3.Nf3 b6 4.g3 Ba6 5.b3 Bb4+ 6.Bd2 Be7 7.Bg2 c6 8.Bc3 d5
9.Ne5 Nfd7 10.Nxd7 Nxd7 11.Nd2 O-O 12.O-O Rc8 13.e4 c5 14.exd5 exd5 15.dxc5 dxc4
16.c6 cxb3 17.Re1 b2 18.Bxb2 Nc5 19.Nb3 Nd3 20.Re2 Bb4 21.Bd4 Bc5 22.Nxc5 bxc5
23.Bc3 Bb5 24.Re3 c4 25.Re4 Bxc6 26.Rxc4 Bxg2 27.Rd4 Nxf2 28.Rxd8 Nxd1 29.Rxc8 Rxc8
30.Rxd1 Bc6  1/2-1/2

[Event "FSGM April"]
[Site "Budapest HUN"]
[Date "2001.04.12"]
[Round "6"]
[White "Barczay,L"]
[Black "Cao,S"]
[Result "0-1"]
[WhiteElo "2391"]
[BlackElo "2488"]

1.d4 Nf6 2.Nf3 b6 3.c4 e6 4.g3 Ba6 5.Qa4 c5 6.Bg2 Bb7 7.dxc5 bxc5 8.O-O Bc6
9.Qa3 d6 10.Rd1 Nbd7 11.Nc3 Be7 12.Bf4 Qc7 13.Ne1 O-O 14.Nb5 Bxb5 15.Bxa8 Bxc4
16.Bf3 e5 17.Rac1 Bb5 18.Bg5 e4 19.Bxe4 Nxe4 20.Bxe7 Re8 21.Bxd6 Nxd6 22.Nd3 Ne4
23.Nf4 Nef6 24.Rc2 Bc6 25.b4 Qe5 26.f3 cxb4 27.Qxb4 Qe3+ 28.Kf1 Bxf3 29.Qc3 Qxc3
30.Rxc3 Bg4 31.h3 Bf5 32.g4 g5 33.gxf5 gxf4 34.Rc7 Nb6 35.Kf2 a5 36.Ra7 Re5
37.Ra6 Nbd7 38.Ra7 Nc5 39.Kf3 Nd5 40.f6 Re3+ 41.Kg4 Nxf6+ 42.Kxf4 Rxe2 43.Rxa5 Ne6+
44.Kf3 Rh2 45.Kg3 Rc2 46.a4 Rc3+ 47.Kh2 Nf4 48.Rf5 N6h5 49.Rf1 Rc2+  0-1

[Event "ch-City"]
[Site "St Petersburg RUS"]
[Date "2001.04.16"]
[Round "6"]
[White "Ionov,S"]
[Black "Yemelin,V"]
[Result "1/2-1/2"]
[WhiteElo "2505"]
[BlackElo "2522"]

1.d4 Nf6 2.c4 e6 3.Nf3 b6 4.g3 Ba6 5.b3 Bb7 6.Bg2 Bb4+ 7.Bd2 c5 8.O-O O-O
9.dxc5 Bxc5 10.Nc3 Nc6 11.Bg5 Be7 12.Rc1 Nb4 13.Qd2 d5 14.Nd4 h6 15.Bxf6 Bxf6
16.Rfd1 Qd7 17.cxd5 Nxd5 18.Nxd5 exd5 19.e3 Rac8 20.h4 Rc5 21.Ne2 Rd8 22.Rxc5 bxc5
23.Qa5 d4  1/2-1/2

[Event "Astral Open"]
[Site "Bucharest ROM"]
[Date "2001.04.24"]
[Round "3"]
[White "Itkis,B"]
[Black "Trajkovic,P"]
[Result "1-0"]
[WhiteElo "2442"]
[BlackElo "2352"]

1.d4 Nf6 2.Nf3 e6 3.c4 b6 4.g3 Ba6 5.Qa4 Bb7 6.Bg2 c5 7.dxc5 bxc5 8.O-O Qb6
9.Nc3 Be7 10.Rd1 O-O 11.Bf4 d6 12.Qb3 Rd8 13.Rd2 Nc6 14.Qxb6 axb6 15.Rad1 Ne8
16.b3 Na5 17.g4 e5 18.Bg3 Nc7 19.Ne1 Bxg2 20.Nxg2 Nb7 21.h4 Kf8 22.Ne3 Rab8
23.g5 f6 24.Ne4 Kf7 25.Nf5 Ne8 26.f4 Ke6 27.Ne3 f5 28.Nc3 e4 29.Ncd5 g6 30.Nxe7 Kxe7
31.Nd5+ Ke6 32.Nxb6 Na5 33.Na4 Nc6 34.Nc3 Nc7 35.Bf2 Ke7 36.Kg2 Nb4 37.Rxd6 Ne6
38.Rxd8 Nxf4+ 39.Kf1  1-0

[Event "5th GM"]
[Site "Rijeka HUN"]
[Date "2001.04.24"]
[Round "6"]
[White "Muslija,I"]
[Black "Bistric,F"]
[Result "0-1"]
[WhiteElo "2229"]
[BlackElo "2454"]

1.d4 Nf6 2.c4 e6 3.Nf3 b6 4.g3 Ba6 5.b3 Bb4+ 6.Bd2 Be7 7.Bg2 c6 8.O-O d5
9.Qc2 Nbd7 10.Bf4 Rc8 11.Nbd2 Nh5 12.Be3 O-O 13.Ne1 c5 14.Bf3 Nhf6 15.Nd3 Bd6
16.dxc5 bxc5 17.Bg5 Qc7 18.e4 d4 19.Rae1 e5 20.Bg2 Bb7 21.Bh3 Rce8 22.f3 Kh8
23.g4 Ng8 24.Nb1 Ne7 25.Na3 a6 26.Qe2 Ng6 27.Nc2 Rg8 28.Rb1 Ndf8 29.Bd2 Ne6
30.Kh1 Be7 31.Bg2 a5 32.Rg1 Bg5 33.Bxg5 Nxg5 34.Qf2 Ne6 35.h4 Ngf4 36.Nce1 a4
37.Kh2 axb3 38.axb3 g6 39.g5 f6 40.Bh3 Rgf8 41.Bxe6 Nxe6 42.Qg3 Ng7 43.gxf6 Rxf6
44.Rg2 h6 45.Kg1 Nh5 46.Qh2 Kh7 47.b4 cxb4 48.Rxb4 Bc6 49.Ra2 Bd7 50.c5 Nf4
51.Qg3 g5 52.Kh2 Rg8 53.Rab2 Bc6 54.Rb6 gxh4 55.Qxh4 Qg7 56.Qg4 Rg6 57.Qf5 Qe7
58.Nxf4 Qh4+ 59.Nh3 Qg3+ 60.Kh1 Qxe1+ 61.Kh2 Qg3+ 62.Kh1 Rf8 63.Rb7+ Bxb7
64.Rxb7+ Kg8  0-1

[Event "Open"]
[Site "Dubai UAE"]
[Date "2001.04.25"]
[Round "9"]
[White "Dizdar,G"]
[Black "Neelotpal,D"]
[Result "1/2-1/2"]
[WhiteElo "2533"]
[BlackElo "2423"]

1.d4 e6 2.Nf3 Nf6 3.c4 b6 4.g3 Ba6 5.Nbd2 Bb7 6.Bg2 c5 7.e4 cxd4 8.e5 Ng4
9.O-O Bc5 10.Nb3 d6 11.Bg5 Qd7 12.exd6 Qxd6 13.Bf4 Qd7 14.Nfxd4 Bxg2 15.Kxg2 Qb7+
16.Kg1 Nf6 17.Nxc5 bxc5 18.Nb5 O-O 19.Nc7 Nc6 20.Nxa8 Nd4 21.f3 Rxa8 22.Rf2 Rd8
23.Qf1 Nd7 24.Rd1 f6 25.h4 Nb8 26.Be3 Nbc6 27.Kh2 e5 28.g4 Qd7 29.Rdd2 e4
30.fxe4 Ne5  1/2-1/2

[Event "Ivan Cvitanovic Mem"]
[Site "Split CRO"]
[Date "2001.04.29"]
[Round "2"]
[White "Bukal,V jr"]
[Black "Horvath,Cs"]
[Result "0-1"]
[WhiteElo "2392"]
[BlackElo "2508"]

1.d4 Nf6 2.c4 e6 3.Nf3 b6 4.g3 Ba6 5.Nbd2 Bb4 6.Qb3 c5 7.Bg2 Nc6 8.dxc5 Bxc5
9.O-O O-O 10.Qa4 Bb7 11.Nb3 Be7 12.Rd1 Qc8 13.Nfd4 Ne5 14.Bxb7 Qxb7 15.Bf4 Ng6
16.Be3 a6 17.f3 Rfc8 18.Nd2 Rc7 19.Bf2 Rac8 20.Rab1 Ne5 21.b4 Nxc4 22.b5 a5
23.Nc6 dxc6 24.Qxc4 Nd5 25.Bd4 cxb5 26.Qxb5 Bc5 27.Ne4 Bxd4+ 28.Rxd4 Qc6
29.Rd2 f5 30.Qxc6 Rxc6 31.Nf2 Rc1+ 32.Rxc1 Rxc1+ 33.Kg2 Ne3+ 34.Kh3 Rc2  0-1

[Event "Bank Pocztowy Open A"]
[Site "Bydgoszcz POL"]
[Date "2001.05.01"]
[Round "5"]
[White "Poluljahov,A"]
[Black "Brodsky,M"]
[Result "1/2-1/2"]
[WhiteElo "2502"]
[BlackElo "2529"]

1.d4 Nf6 2.c4 e6 3.Nf3 b6 4.g3 Ba6 5.b3 Bb4+ 6.Bd2 Be7 7.Bg2 d5 8.cxd5 exd5
9.Nc3 O-O 10.O-O Bb7 11.Qc2 Na6 12.Rfd1 Qc8 13.Bf4 Rd8 14.Ng5 Qd7 15.Be5 g6
16.Rac1 h6 17.Nf3 Qe6 18.Ne1 Ba3 19.Rb1 Bf8 20.Nd3 Qf5 21.b4 c6 22.Qb3 Ne4
23.Nxe4 dxe4 24.Nf4 Nxb4 25.Bh3 Qg5 26.Ne6 Qh5 27.Nf4 Qg5 28.Ne6 Qh5 29.Bg2 c5
30.Nxd8 Rxd8 31.dxc5 Rxd1+ 32.Rxd1 Qxe5 33.Qxb4 Bxc5 34.Qb3 Bc6 35.e3 h5
36.h4 a5 37.Bf1 a4 38.Qc2 g5 39.hxg5 Qxg5 40.Bg2 h4 41.Bxe4 hxg3 42.Bxc6 gxf2+
43.Kf1 Qg1+ 44.Ke2 f1=Q+ 45.Rxf1 Qxe3+ 46.Kd1 Qd4+ 47.Qd2 Qa1+ 48.Ke2 Qe5+
49.Kd1  1/2-1/2

[Event "54th ch-RUS"]
[Site "Elista RUS"]
[Date "2001.05.02"]
[Round "3"]
[White "Baikov,V"]
[Black "Shariyazdanov,A"]
[Result "1/2-1/2"]
[WhiteElo "2431"]
[BlackElo "2594"]

1.d4 Nf6 2.c4 e6 3.Nf3 b6 4.g3 Ba6 5.Qa4 Bb7 6.Bg2 c5 7.O-O cxd4 8.Nxd4 Qc8
9.Bf4 a6 10.Nc3 Bxg2 11.Kxg2 Qb7+ 12.f3 Be7 13.e4 O-O 14.e5 Nh5 15.Be3 f6
16.exf6 Nxf6 17.Rad1 Rc8 18.Rfe1 Nc6 19.Nxc6 Rxc6 20.Bf2 Rac8 21.Nd5 Bd8
22.Nxf6+ Bxf6 23.Re2 R8c7 24.b3 b5 25.cxb5 axb5 26.Qe4 Qc8 27.Bd4 d5 28.Qd3 Bxd4
29.Qxd4 Qf8 30.Rde1 Qf5 31.g4 Qg6 32.a4 bxa4 33.bxa4 h5 34.h3 Rc2 35.a5 hxg4
36.hxg4 Rxe2+ 37.Rxe2 Rc6 38.Qa4 Qd3  1/2-1/2

[Event "54th ch-RUS"]
[Site "Elista RUS"]
[Date "2001.05.04"]
[Round "5"]
[White "Pushkov,N"]
[Black "Loginov,Va"]
[Result "1-0"]
[WhiteElo "2561"]
[BlackElo "2499"]

1.d4 Nf6 2.c4 e6 3.Nf3 b6 4.g3 Ba6 5.b3 Bb4+ 6.Bd2 Be7 7.Bg2 d5 8.cxd5 exd5
9.O-O O-O 10.Ne5 Ne4 11.Be3 Bb7 12.Qc2 Bf6 13.Nd2 Nxd2 14.Qxd2 Nd7 15.Nd3 Re8
16.Rac1 Nf8 17.Rc2 a5 18.h4 Ne6 19.Nf4 c6 20.Nxe6 Rxe6 21.Bg5 Bxg5 22.Qxg5 Qd6
23.Rfc1 Rae8 24.e3 h6 25.Qg4 Rf6 26.Qe2 g5 27.hxg5 hxg5 28.Qg4 Rg6 29.e4 Bc8
30.Qh5 dxe4 31.Rxc6 Qxc6 32.Rxc6 Rxc6 33.Qxg5+ Kf8 34.Qh4 f5 35.d5 Rg6 36.Bh3 Kg7
37.Qf4 Rf6 38.Bf1 Kg6 39.Bc4 Bd7 40.Qc7 Rf7 41.Qxb6+ Kg5 42.Qxa5 Rh7 43.Qd2+ Kg6
44.Qf4 Reh8 45.Kf1 Rh1+ 46.Ke2 R8h7 47.Kd2 Be8 48.a4 Kf6 49.a5 Bh5 50.a6 Bf3
51.Qd6+ Kg5 52.Qd8+ Kg6 53.Ke3 f4+ 54.gxf4  1-0

[Event "FSIMA May"]
[Site "Budapest HUN"]
[Date "2001.05.06"]
[Round "2"]
[White "Jakab,A"]
[Black "Xu Hanbing"]
[Result "1-0"]
[WhiteElo "2363"]
[BlackElo "2235"]

1.d4 e6 2.c4 b6 3.Nf3 Nf6 4.g3 Ba6 5.Qa4 c5 6.Bg2 Bb7 7.dxc5 Bxc5 8.O-O O-O
9.Nc3 Be7 10.Rd1 a6 11.Bf4 Qc8 12.Qb3 b5 13.cxb5 axb5 14.Qxb5 Bc6 15.Qd3 Na6
16.Rac1 Qb7 17.Qb1 Ne4 18.Nxe4 Bxe4 19.Ng5  1-0

[Event "FSIMB May"]
[Site "Budapest HUN"]
[Date "2001.05.08"]
[Round "4"]
[White "Dudas,Jano"]
[Black "Wang Shuai"]
[Result "1-0"]
[WhiteElo "2386"]
[BlackElo "2156"]

1.d4 Nf6 2.Nf3 e6 3.c4 b6 4.g3 Ba6 5.b3 Bb7 6.Bg2 Bb4+ 7.Bd2 c5 8.O-O O-O
9.Bg5 h6 10.Bxf6 Qxf6 11.a3 Ba5 12.Ra2 d5 13.Ne5 Rd8 14.e3 Qe7 15.cxd5 Bxd5
16.Rc2 Bxg2 17.Kxg2 Qb7+ 18.Qf3 Qxf3+ 19.Kxf3 f6 20.Nd3 Na6 21.Ke2 cxd4 22.b4 Bxb4
23.axb4 dxe3 24.b5 Nc5 25.Nxc5 bxc5 26.fxe3 a6 27.Na3 axb5 28.Nxb5 Ra5 29.Nc3 c4
30.Rf4 Rc8 31.Rd4 Ra1 32.Ne4 f5 33.Nd2 Rh1 34.Nf1  1-0

[Event "TCh-YUG"]
[Site "Herceg Novi YUG"]
[Date "2001.05.16"]
[Round "3"]
[White "Tregubov,P"]
[Black "Ivanovic,B"]
[Result "1-0"]
[WhiteElo "2628"]
[BlackElo "2483"]

1.d4 Nf6 2.c4 e6 3.Nf3 b6 4.g3 Ba6 5.Nbd2 c5 6.e4 cxd4 7.e5 Ng8 8.Bg2 Nc6
9.O-O Rb8 10.Re1 h6 11.a3 b5 12.cxb5 Bxb5 13.b4 Nge7 14.a4 Bd3 15.b5 Nb4
16.Nxd4 Nf5 17.Nxf5 Bxf5 18.Ne4 Nd5 19.Bb2 a6 20.Nd6+ Bxd6 21.exd6 O-O 22.Qd4 f6
23.Rec1 Kh8 24.bxa6 Rb4 25.Rc4 Rb6 26.a7 Qa8 27.Qxb6 Nxb6 28.Bxa8 Nxc4 29.Bb7 Nb6
30.Bd4 Na8 31.Rc1 Kh7 32.Rc8 Rxc8 33.Bxc8 Be4 34.Bxd7 e5 35.Bb5  1-0

[Event "TCh-YUG Women"]
[Site "Herceg Novi YUG"]
[Date "2001.05.16"]
[Round "3"]
[White "Shumiakina,T"]
[Black "Bojkovic,N"]
[Result "1/2-1/2"]
[WhiteElo "2376"]
[BlackElo "2447"]

1.d4 Nf6 2.c4 e6 3.Nf3 b6 4.g3 Ba6 5.b3 d5 6.cxd5 exd5 7.Bg2 Bd6 8.Nc3 Nbd7
9.O-O O-O 10.Re1 Re8 11.Bf4 Qe7 12.Rc1 Rad8 13.Qc2 h6 14.Na4 Bb4 15.Bd2 Ba3
16.Rb1 c5 17.Bc1 Bb4 18.Bd2 Ba3 19.Bc1 Bb4 20.Bd2 Ne4 21.Bxb4 cxb4 22.Qc7 b5
23.Nc5 Nexc5 24.dxc5 Qxc5 25.Qxc5 Nxc5  1/2-1/2

[Event "IV It"]
[Site "Santo Antonio POR"]
[Date "2001.05.20"]
[Round "2"]
[White "Dias,P"]
[Black "Chandler,M"]
[Result "0-1"]
[WhiteElo "2326"]
[BlackElo "2529"]

1.d4 Nf6 2.c4 e6 3.Nf3 b6 4.g3 Ba6 5.Qa4 Bb7 6.Bg2 c5 7.dxc5 bxc5 8.Nc3 Be7
9.O-O O-O 10.Rd1 d6 11.Bf4 Qb6 12.Rab1 Nbd7 13.Rd2 Rfd8 14.Rbd1 Nf8 15.h3 Ng6
16.Be3 h6 17.Qc2 Bc6 18.Ne1 Rac8 19.b3 Qb7 20.Na4 Bxg2 21.Nxg2 Ne4 22.Nc3 Nxd2
23.Qxd2 Bf6 24.Qd3 Ne5 25.Qc2 d5 26.cxd5 exd5 27.Bc1 c4 28.Qf5 cxb3 29.Nxd5 Rxd5  0-1

[Event "IV It"]
[Site "Santo Antonio POR"]
[Date "2001.05.20"]
[Round "2"]
[White "Fernandes,An"]
[Black "Spraggett,K"]
[Result "1/2-1/2"]
[WhiteElo "2465"]
[BlackElo "2526"]

1.d4 Nf6 2.c4 e6 3.Nf3 b6 4.g3 Ba6 5.Qa4 Bb7 6.Bg2 c5 7.dxc5 Bxc5 8.O-O O-O
9.Nc3 Be7 10.Rd1 a6 11.Bf4 d6 12.Rd2 Qc7 13.Rad1 Rd8 14.Ng5 Bxg2 15.Kxg2 h6
16.Nge4 Ne8 17.g4 Nc6 18.f3 Na5 19.b3 Nb7 20.Qa3 Qc6 21.Qa4 Qc7 22.Qa3 Qc6
23.Qa4 Qc7  1/2-1/2